| 000 | 00777nam a2200217 a 4500 | ||
|---|---|---|---|
| 003 | 0 | ||
| 005 | 20250320135045.0 | ||
| 008 | 060802s19uu xx 00 eng d | ||
| 050 |
_aPGS P 96.V5.P47 _b.P379 2006 |
||
| 100 | _aPekson, Elkan Markie. | ||
| 245 |
_aPerception of grade 6 SISC students on TV violence / _cElkan Marie Pekson. |
||
| 260 |
_aLas PiƱas City, Philippines : _bSouthville International School and Colleges, _c2006. |
||
| 300 |
_a34 pages : _billustrations ; _c28 cm. |
||
| 504 | _aIncludes bibliographical references. | ||
| 650 | _aViolence on television. | ||
| 650 | _aTelevision and children. | ||
| 650 | _aAggressiveness in children. | ||
| 650 |
_aMedia violence _vPsychological aspects. |
||
| 650 | _aTelevision and youth. | ||
| 942 |
_2lcc _cPASS |
||
| 999 |
_c97535 _d97535 |
||